Home Print Resources E-Books E-Journals IIMT Lecture Series Library Membership Form Book Recommendation Form Campus Tour Take AdmissionAbout Us Contact Us

FUNDAMENTALS OF ELECTRIAL AND ELCTRONICS ENGINEERING (Record no. 17752)

000 -LEADER
fixed length control field 00424nam a2200169Ia 4500
003 - CONTROL NUMBER IDENTIFIER
control field OSt
005 - DATE AND TIME OF LATEST TRANSACTION
control field 20240530141727.0
008 - FIXED-LENGTH DATA ELEMENTS--GENERAL INFORMATION
fixed length control field 170619s9999 xx 000 0 und d
020 ## - INTERNATIONAL STANDARD BOOK NUMBER
International Standard Book Number 9788120323162
040 ## - CATALOGING SOURCE
Transcribing agency IIMT ENGINEERING COLLEGE
100 ## - MAIN ENTRY--PERSONAL NAME
Personal name GHOSH SAMRAJIT
245 #0 - TITLE STATEMENT
Title FUNDAMENTALS OF ELECTRIAL AND ELCTRONICS ENGINEERING
260 ## - PUBLICATION, DISTRIBUTION, ETC.
Name of publisher, distributor, etc. New Delhi: PHI
260 ## - PUBLICATION, DISTRIBUTION, ETC.
Date of publication, distribution, etc. 2003
546 ## - LANGUAGE NOTE
Language note ENGLISH
942 ## - ADDED ENTRY ELEMENTS (KOHA)
Source of classification or shelving scheme
Koha item type Text-Book- for 7 days
Holdings
Withdrawn status Lost status Source of classification or shelving scheme Damaged status Not for loan Home library Current library Date acquired Source of acquisition Total Checkouts Barcode Date last seen Price effective from Koha item type
          IIMT Engineering College-BTech IIMT Engineering College-BTech 01/29/2005 1   06-B-12684 07/03/2017 07/03/2017 Text-Book- for 7 days
          IIMT Engineering College-BTech IIMT Engineering College-BTech 01/29/2005 1   06-B-12685 11/07/2019 07/03/2017 Text-Book- for 7 days
IIMT, Central Library. All Rights Reserved IIMT,UNIVERSITY © 2023
Implemented and Customised by I CLOUDE EMS
You Are OPAC Visitor No
free web counter

Powered by Koha